000 01533nam a2200385 a 4500
001 ebr10171663
003 CaPaEBR
006 m u
007 cr cn|||||||||
008 040629s2004 ne sb 001 0 eng
010 _z 2004054524
020 _z9004139931 (acid-free paper)
040 _aCaPaEBR
_cCaPaEBR
035 _a(OCoLC)77924313
043 _ae-gr---
050 1 4 _aPA3978
_b.K57 2004eb
082 0 4 _a882/.01
_222
100 1 _aKosak, Jennifer Clarke.
245 1 0 _aHeroic measures
_h[electronic resource] :
_bHippocratic medicine in the making of Euripidean tragedy /
_cby Jennifer Clarke Kosak.
260 _aLeiden ;
_aBoston :
_bBrill,
_c2004.
300 _ax, 229 p.
490 1 _aStudies in ancient medicine,
_x0925-1421 ;
_vv. 30
504 _aIncludes bibliographical references (p. [199]-209) and indexes.
533 _aElectronic reproduction.
_bPalo Alto, Calif. :
_cebrary,
_d2013.
_nAvailable via World Wide Web.
_nAccess may be limited to ebrary affiliated libraries.
600 0 0 _aEuripides
_xKnowledge
_xMedicine.
600 0 0 _aHippocrates
_xInfluence.
650 0 _aLiterature and medicine
_zGreece
_xHistory
_yTo 1500.
650 0 _aMedicine, Greek and Roman.
650 0 _aMedicine in literature.
650 0 _aTragedy.
655 7 _aElectronic books.
_2local
710 2 _aebrary, Inc.
830 0 _aStudies in ancient medicine ;
_vv. 30.
856 4 0 _uhttp://site.ebrary.com/lib/rucke/Doc?id=10171663
_zAn electronic book accessible through the World Wide Web; click to view
999 _c139087
_d139087